000 00574nam a2200193Ia 4500
003 GCL
008 140319s9999 xx 000 0 ara d
040 _aGCL /
_cGCL
082 0 4 _a953.084
_bا ن
100 1 _aفهيم محمد شلتوت (تحقيق)
245 1 0 _aالنجوم الزاهرة فى ملوك مصر والقاهرة ج 13 /
_cفهيم محمد شلتوت (تحقيق)
300 _aمتعدد
490 _a
650 0 4 _aمصر
650 0 4 _aتاريخ
650 0 4 _aالمماليك الجراكسة
650 0 4 _aالقاهرة
942 _2ddc
_cBK
999 _c38295
_d38295